000 00788nam a2200289Ia 4500
005 20260324115417.0
008 008 260324s9999 xx 000 0 eng d
020 _a9781315184265
037 _aEBOOK
040 _aCRL
040 _beng
040 _cCRL
041 _2eng
041 _aeng
084 _qCRL
100 _aMaría del Carmen Durán-Domínguez-de-Bazúa; Amado Enrique Navarro-Frómeta; Josep M. Bayona
_91154553
245 0 _aArtificial or Constructed Wetlands
245 2 _bA Suitable Technology for Sustainable Water Management
260 _bTaylor and Francis
260 _c2018
365 _a
365 _b465
856 _uhttp://www.taylorfrancis.com/books/9781315184265
942 _cEBOOK
999 _c1745423
_d1745423